|
|
|
|
| LEADER |
01020nam a22002652a 4500 |
| 001 |
000787882 |
| 003 |
CZ BrMZK |
| 005 |
20150203125256.0 |
| 007 |
ta |
| 008 |
050901s1961 xr er|||||||||||cze d |
| 015 |
|
|
|a cnb000516493
|
| 035 |
|
|
|a (OCoLC)85331934
|
| 040 |
|
|
|a BOA001
|b cze
|
| 100 |
1 |
|
|a Rubeš, Karel
|7 jx20050826010
|4 aut
|
| 245 |
1 |
0 |
|a Zelinářství pro 2. ročník odborných učilišť a učňovských škol :
|b učební obor : zahradník - 0307 /
|c Karel Rubeš a Eduard Hampl
|
| 250 |
|
|
|a Dotisk 1. vyd.
|
| 260 |
|
|
|a Praha :
|b Státní pedagogické nakladatelství,
|c 1961
|
| 300 |
|
|
|a 92 s.
|
| 490 |
1 |
|
|a Učební texty odborných učilišť a učňovských škol
|
| 700 |
1 |
|
|a Hampl, Eduard
|7 mzk2015857556
|4 aut
|
| 830 |
|
0 |
|a Učební texty odborných učilišť a učňovských škol
|
| 910 |
|
|
|a BOA001
|b PK-N-0006.933
|
| 964 |
|
|
|a Zelinářství - učebnice - učiliště odborná
|
| 990 |
|
|
|a BK
|
| 996 |
6 |
|
|b BC-232274
|c PK-N-0006.933
|l MZK
|r Sklad / do 1 hodiny
|n 0
|w 000787882
|u 000010
|a 1
|e BOA001
|j MZK50
|s P
|